000 00320nam a22001451a 4500
020 _a9788170815891
082 _a202.3
_bSAL/C
100 _aSalila Nayak
245 _aConcept of rebirth/
_cby Salila Nayak
260 _aDelhi:
_bNag,
_c2004.
300 _a601p.
650 _aRebirth
650 _aReligion
942 _cBK
999 _c8737
_d8737